La modernización entre cafetales: San José, Costa Rica, 1880-1930 (Registro nro. 2765)
[ vista simple ]
| 000 -Cabecera | |
|---|---|
| Campo de control de longitud fija | 00605aam a2200205 4500 |
| 005 - Fecha y hora de la última transacción | |
| Campo de control | 20231010141956.0 |
| 008 - Elementos de longitud fija--Información general | |
| Campo de control de longitud fija | 150610b2011 xxu||||| |||| 00| 0 spa d |
| 020 ## - International Standard Book Number | |
| Número Internacional Estándar del Libro (ISBN) | 9789968462631 |
| 041 ## - Idioma | |
| Código de idioma | Español |
| 082 ## - Clasificación Decimal Dewey | |
| Número de clasificación | 307.141.6 Q5m |
| 100 ## - Entrada principal--Autor personal | |
| Nombre personal | Quesada Avendaño, Florencia |
| 9 (RLIN) | 1157 |
| 245 ## - Título propiamente dicho | |
| Título | La modernización entre cafetales: San José, Costa Rica, 1880-1930 |
| 260 ## - Pie de imprenta | |
| Lugar de publicación, distribución, etc. | Costa Rica |
| Nombre del editor, distribuidor, etc. | Universidad de Costa Rica |
| Fecha de publicación, distribución, etc. | 2011 |
| 300 ## - Descripción física | |
| Extensión | 274 páginas |
| 650 ## - Materia general | |
| Temática (materia general) | COSTA RICA |
| 650 ## - Materia general | |
| Temática (materia general) | DESARROLLO DE LA COMUNIDAD URBANA |
| 650 ## - Materia general | |
| Temática (materia general) | SAN JOSÉ |
| 650 ## - Materia general | |
| Temática (materia general) | HISTORIA |
| 942 ## - Punto de acceso adicional KOHA | |
| Tipo de ítem KOHA | Libro |
| Fuente del sistema de clasificación o colocación | Dewey Decimal Classification |
| Signatura completa | Código de barras | Tipo de ítem |
|---|---|---|
| 307.141.6 Q5m | 16054 | Libro |